000 00707cam a2200241 a 4500
001 000008823
005 20200929161420.0
008 760113s1976 ve 000 f spa d
040 _aDO-SdBNP
_bspa
_cCtY
_dBNPHU
082 _aV863.44
_bB533m, 1976
100 1 _aBerroeta, Pedro,
_d1914-
_923368
245 1 0 _aMigaja :
_blectura para descansar en la playa /
_cPedro Berroeta.
250 _a2a ed.
260 _aCaracas :
_bMonte Ávila,
_c1976.
300 _a378 p. ;
_c18 cm.
490 1 _aContinentes
650 4 _aNovela venezolana
_93962
650 4 _aLiteratura venezolana
_ySIGLO XX
_99777
830 0 _aContinentes
_95341
910 _aCatalogación derivada / LC
910 _aWM
049 _aBNGR
999 _c8592
_d8592